في المدرسة / (رقم التسجيلة. 58954)
[ عرض عادي ]
| 000 -LEADER | |
|---|---|
| fixed length control field | 00540nam a22001817a 4500 |
| 005 - DATE AND TIME OF LATEST TRANSACTION | |
| control field | 20251108171206.0 |
| 008 - FIXED-LENGTH DATA ELEMENTS--GENERAL INFORMATION | |
| fixed length control field | 250721s2000 xx 000 0 ara d |
| 082 14 - DEWEY DECIMAL CLASSIFICATION NUMBER | |
| Classification number | ط/ق/رات |
| 100 1# - MAIN ENTRY--PERSONAL NAME | |
| Personal name | رايت، نيفين |
| 245 10 - TITLE STATEMENT | |
| Title | في المدرسة / |
| 264 1# - PRODUCTION, PUBLICATION, DISTRIBUTION, MANUFACTURE, AND COPYRIGHT NOTICE | |
| Place of production, publication, distribution, manufacture | بيروت : |
| Name of producer, publisher, distributor, manufacturer | دار أصالة للنشر و التوزيع، |
| Date of production, publication, distribution, manufacture, or copyright notice | 2000. |
| 490 0# - SERIES STATEMENT | |
| Series statement | كلمة كلمة ؛5 |
| 650 17 - SUBJECT ADDED ENTRY--TOPICAL TERM | |
| Topical term or geographic name as entry element | أدب الأطفال |
| 650 17 - SUBJECT ADDED ENTRY--TOPICAL TERM | |
| Topical term or geographic name as entry element | القصص العربية |
| 700 1# - ADDED ENTRY--PERSONAL NAME | |
| Personal name | السيد، شريف |
| Relator term | رسم |
| 942 ## - ADDED ENTRY ELEMENTS (KOHA) | |
| Source of classification or shelving scheme | Dewey Decimal Classification |
| Koha item type | كتب |
| حالة السحب | حالة الفقدان | مصدر التصنيف | حالة التلف | غير قابل للإعارة | المكتبة الرئيسية | المكتبة الحالية | موقع الرف | تاريخ التزويد | الرقم المتسلسل | Total Checkouts | رقم الإستدعاء | تاريخ آخر ظهور | تاريخ الفاتورة | نوع المادة (كوها) |
|---|---|---|---|---|---|---|---|---|---|---|---|---|---|---|
| Dewey Decimal Classification | Unchecked | مكتبة الاميرة بديعة | مكتبة الاميرة بديعة | الأطفال | 28/07/2025 | 498888 | ط/ق/رات | 28/07/2025 | 28/07/2025 | كتب | ||||
| Dewey Decimal Classification | Unchecked | مكتبة الجويدة | مكتبة الجويدة | الأطفال | 28/07/2025 | 49889 | ط/ق/رات | 28/07/2025 | 28/07/2025 | كتب | ||||
| Dewey Decimal Classification | Unchecked | مكتبةمؤتة | مكتبةمؤتة | الأطفال | 06/07/2004 | 498899 | ط/ق/رات | 28/07/2025 | 06/07/2004 | كتب |